[Event "FICGS__CHESS__CLASS_E__000151"]
[Site "FICGS"]
[Date "2012.04.26"]
[Round "1"]
[White "Gramajo, Francisco"]
[Black "Estieu, Frederick"]
[Result "1-0"]
[WhiteElo "1233"]
[BlackElo "1334"]
[PlyCount "53"]
[EventDate "2012.??.??"]

1. Nf3 Nc6 2. c3 e5 3. e4 Bc5 4. d4 exd4 5. cxd4 Bb4+ 6. Nc3 d6 7. d5 Ne5 8.
Nxe5 dxe5 9. Qa4+ c6 10. Qxb4 cxd5 11. Nxd5 Nf6 12. Bb5+ Bd7 13. Bg5 Bxb5 14.
Qxb5+ Qd7 15. Nxf6+ gxf6 16. Qxd7+ Kxd7 17. Bxf6 Rhg8 18. O-O Rg6 19. Bxe5 Rag8
20. g3 h5 21. f4 h4 22. Rfd1+ Ke7 23. f5 Rg4 24. Rd3 f6 25. Bd6+ Kf7 26. Rc1
Rxe4 27. Rc7+ 1-0

[Event "Melaka-chA"]
[Site "Melaka"]
[Date "2012.04.25"]
[Round "4"]
[White "Nolte, Rolando"]
[Black "Yeoh, Li Tian"]
[Result "1/2-1/2"]
[WhiteElo "2456"]
[BlackElo "2204"]
[PlyCount "88"]
[EventDate "2012.04.23"]
[EventType "swiss"]
[EventRounds "9"]
[EventCountry "MAS"]
[SourceTitle "CBM 148 Extra"]
[Source "ChessBase"]
[SourceDate "2012.06.22"]
[SourceVersion "1"]
[SourceVersionDate "2012.06.22"]
[SourceQuality "1"]

1. e4 e5 2. Nf3 Nc6 3. c3 d5 4. Qa4 dxe4 5. Nxe5 Qd5 6. Nxc6 bxc6 7. Bc4 Qd6 8.
d3 Bd7 9. O-O Nf6 10. h3 Qe5 11. d4 Qh5 12. Bf4 Bd6 13. Bxd6 cxd6 14. Re1 O-O
15. Bf1 Rfe8 16. Qd1 Qg5 17. Qd2 Qg6 18. Kh1 Nh5 19. Na3 f5 20. Be2 d5 21. c4
Rf8 22. cxd5 f4 23. dxc6 f3 24. Bc4+ Kh8 25. Rg1 Bxc6 26. d5 Bd7 27. gxf3 Qf5
28. Bf1 Qxf3+ 29. Bg2 Qf5 30. Qd4 Rae8 31. Nc4 Rf6 32. Rae1 Nf4 33. Rxe4 Nxh3
34. Rxe8+ Bxe8 35. Re1 Bf7 36. Qe5 Nxf2+ 37. Kg1 Qg4 38. Ne3 Qg6 39. Rf1 Nh3+
40. Kh2 Ng5 41. Qb8+ Bg8 42. Rxf6 Qxf6 43. Qxa7 Qf4+ 44. Kg1 h5 1/2-1/2

[Event "My Invitational Tournament 5"]
[Site "http://gameknot.com/chess.pl?"]
[Date "2012.04.24"]
[Round "?"]
[White "Oregonchessguy"]
[Black "Oskar47"]
[Result "0-1"]
[WhiteElo "2164"]
[BlackElo "2485"]
[PlyCount "36"]
[EventDate "2012.??.??"]
[SourceTitle "OM Portal C 201906"]
[Source "Opening Master"]
[SourceDate "2019.06.27"]
[SourceVersion "1"]
[SourceVersionDate "2019.06.27"]
[SourceQuality "1"]

1. e4 e5 2. Nf3 Nc6 3. c3 d5 4. Qa4 f6 5. Bb5 Nge7 6. exd5 Qxd5 7. O-O e4 8. c4
Qd7 9. Ne1 a6 10. Nc3 b6 11. Bxc6 Qxc6 12. Qxc6+ Nxc6 13. Nxe4 Bf5 14. Ng3 Bg6
15. b3 O-O-O 16. Nf3 Bd3 17. Re1 Nb4 18. Bb2 Nc2 0-1

[Event "Asker Klubbmesterskapet 2012"]
[Site "Asker"]
[Date "2012.04.23"]
[Round "8"]
[White "Erlendson, Audun"]
[Black "Larsen, Leif Sigurd"]
[Result "0-1"]
[WhiteElo "1179"]
[BlackElo "1248"]
[PlyCount "70"]
[EventDate "2012.??.??"]

1. e4 e5 2. Nf3 Nc6 3. c3 Nf6 4. Qc2 d5 5. d3 d4 6. Be2 Bd6 7. O-O h6 8. a3 O-O
9. c4 b6 10. Ne1 Ne7 11. f4 exf4 12. Bxf4 Ng6 13. Bxd6 Qxd6 14. Nd2 Nf4 15.
Ndf3 Ng4 16. Qd2 Ne3 17. Rf2 Qg6 18. Bd1 Nh3+ 19. Kh1 Nxf2+ 20. Qxf2 c5 21. h3
f5 22. e5 f4 23. Nh4 Qg3 24. Qxg3 fxg3 25. Be2 Rf2 26. Nc2 Nxc2 27. Rf1 Rxe2
28. Ng6 Re1 29. Kg1 Rxf1+ 30. Kxf1 Ne3+ 31. Ke2 Bb7 32. Ne7+ Kf7 33. Nd5 Nxd5
34. cxd5 Bxd5 35. b4 Ke6 0-1

[Event "CZE-chT2F 1112"]
[Site "Czechia"]
[Date "2012.04.22"]
[Round "11.16"]
[White "Zapletal, Jiri"]
[Black "Briza, Jiri"]
[Result "1-0"]
[WhiteElo "2146"]
[BlackElo "1938"]
[PlyCount "69"]
[EventDate "2011.10.09"]
[EventType "team-tourn"]
[EventRounds "11"]
[EventCountry "CZE"]
[SourceTitle "EXT 2013"]
[Source "ChessBase"]
[SourceDate "2012.11.22"]
[SourceVersion "1"]
[SourceVersionDate "2012.11.22"]
[SourceQuality "1"]
[WhiteTeam "Olomouc"]
[BlackTeam "Koprivnice"]
[WhiteTeamCountry "CZE"]
[BlackTeamCountry "CZE"]

1. e4 e5 2. Nf3 Nc6 3. c3 d5 4. Qa4 dxe4 5. Nxe5 Bd7 6. Nxd7 Qxd7 7. Qxe4+ Be7
8. Bb5 Nf6 9. Bxc6 bxc6 10. Qf3 O-O 11. d4 c5 12. dxc5 Ng4 13. c6 Qe6+ 14. Qe2
Bc5 15. Qxe6 Bxf2+ 16. Ke2 fxe6 17. h3 Ne5 18. Rf1 Bg3 19. Rxf8+ Rxf8 20. Be3
Nc4 21. Bxa7 Nb6 22. Bxb6 cxb6 23. Na3 Rf2+ 24. Ke3 Rxb2 25. Nc4 Rc2 26. Kd3
Rxg2 27. Nxb6 Rb2 28. Nd7 Bc7 29. a4 Ba5 30. Nc5 Rh2 31. Kc4 Kf7 32. Kb5 Bc7
33. Na6 Rb2+ 34. Kc5 Bb6+ 35. Kc4 1-0

[Event "HUN-chT2 Maroczy 1112"]
[Site "Hungary"]
[Date "2012.04.22"]
[Round "9"]
[White "Pacal, Mihaly"]
[Black "Nemeth, Kinga"]
[Result "1-0"]
[WhiteElo "2121"]
[BlackElo "1513"]
[PlyCount "55"]
[EventDate "2011.09.25"]
[EventType "team-tourn"]
[EventRounds "11"]
[EventCountry "HUN"]
[SourceTitle "EXT 2013"]
[Source "ChessBase"]
[SourceDate "2012.11.22"]
[SourceVersion "1"]
[SourceVersionDate "2012.11.22"]
[SourceQuality "1"]
[WhiteTeam "Roszke"]
[BlackTeam "Tabani Spartacus"]
[WhiteTeamCountry "HUN"]
[BlackTeamCountry "HUN"]

1. e4 e5 2. Nf3 Nc6 3. c3 Nf6 4. d4 exd4 5. e5 Nd5 6. Qb3 Nb6 7. cxd4 d6 8. Bb5
Bd7 9. O-O a6 10. Bxc6 Bxc6 11. exd6 Bxd6 12. Re1+ Be7 13. Ne5 Bd5 14. Qg3 O-O
15. Bh6 Bf6 16. Nc3 Re8 17. Rad1 c6 18. h4 Nc4 19. Nxc4 Bxc4 20. Rxe8+ Qxe8 21.
h5 Rd8 22. Bxg7 Bxg7 23. h6 Qf8 24. b3 Be6 25. Ne4 Kh8 26. hxg7+ Qxg7 27. Qf4
Rxd4 28. Qb8+ 1-0

[Event "Torneo Zonal de Ajedrez Zona Norte Boli"]
[Site "?"]
[Date "2012.04.22"]
[Round "?"]
[White "Escobar Consuegra, Carolay"]
[Black "Jaimes Velasquez, Maria Alejandr"]
[Result "0-1"]
[WhiteElo "1316"]
[BlackElo "1412"]
[PlyCount "94"]
[EventDate "2012.??.??"]
[SourceTitle "OM OTB B 201907"]
[Source "Opening Master"]
[SourceDate "2019.07.06"]
[SourceVersion "2"]
[SourceVersionDate "2019.07.06"]
[SourceQuality "1"]

1. e4 e5 2. Nf3 Nc6 3. c3 Nf6 4. d4 exd4 5. cxd4 Nxe4 6. Qe2 Qe7 7. Nc3 Nxc3 8.
bxc3 Qxe2+ 9. Bxe2 d5 10. O-O Bd6 11. Be3 O-O 12. Bd3 Bg4 13. Ng5 h6 14. Nf3
Na5 15. Rae1 Nc4 16. Bxc4 dxc4 17. Ne5 Be6 18. Bd2 c5 19. Nf3 b5 20. Be3 cxd4
21. Bxd4 b4 22. Rc1 a5 23. h3 b3 24. axb3 cxb3 25. Rb1 a4 26. Nd2 Rfb8 27. c4
Bb4 28. Nxb3 axb3 29. Rxb3 Bxc4 30. Re3 Bxf1 31. Kxf1 Re8 32. Re2 Rxe2 33. Kxe2
Re8+ 34. Kd1 Rd8 35. Ke2 Rxd4 36. Ke3 Bc5 37. f3 g5 38. g3 f5 39. f4 Rxf4+ 40.
Ke2 Rf2+ 41. Kd1 Bb4 42. Kc1 f4 43. gxf4 gxf4 44. h4 Rd2 45. h5 f3 46. Kb1 f2
47. Ka1 f1=Q# 0-1

[Event "V Tancat del Maresme"]
[Site "Marl Canet de"]
[Date "2012.04.21"]
[Round "2.2"]
[White "Maynat Anglas, Josep"]
[Black "Campos Barrachina, Edgar"]
[Result "1/2-1/2"]
[WhiteElo "1862"]
[BlackElo "1816"]
[PlyCount "124"]
[EventDate "2012.04.14"]
[EventRounds "9"]
[EventCountry "GER"]
[SourceTitle "OM OTB B 201907"]
[Source "Opening Master"]
[SourceDate "2019.07.06"]
[SourceVersion "2"]
[SourceVersionDate "2019.07.06"]
[SourceQuality "1"]

1. e4 e5 2. Nf3 Nc6 3. c3 Nf6 4. Qc2 Be7 5. Be2 O-O 6. d3 d6 7. O-O b6 8. Bg5
Bb7 9. Bxf6 Bxf6 10. Nbd2 a5 11. h3 b5 12. Rfd1 Ba6 13. Nf1 b4 14. Ne3 Re8 15.
Nd5 Ne7 16. Nxe7+ Qxe7 17. cxb4 axb4 18. Qc6 Reb8 19. Rdc1 Ra7 20. b3 Rb6 21.
Qc2 c5 22. Qd1 g6 23. Rc2 Bg5 24. g3 Bb5 25. Nh2 Bd7 26. Bg4 f5 27. exf5 gxf5
28. Bf3 Be6 29. Re2 Bf6 30. Rc1 Qg7 31. Rcc2 f4 32. Ng4 Bg5 33. Kg2 h5 34. Nh2
fxg3 35. fxg3 Bf4 36. g4 Qg5 37. Qe1 Rg7 38. h4 Qg6 39. Be4 Bf5 40. Kh1 Bxh2
41. Kxh2 hxg4 42. Kg3 Bxe4 43. Rxe4 Qh5 44. Qe2 Rbb7 45. Rc1 Rbf7 46. Rf1 Rxf1
47. Qxf1 Qf7 48. Qxf7+ Kxf7 49. Rxg4 Rxg4+ 50. Kxg4 Kg6 51. h5+ Kf6 52. h6 d5
53. h7 Kg7 54. Kf5 e4 55. dxe4 d4 56. e5 d3 57. e6 d2 58. e7 d1=Q 59. h8=Q+
Kxh8 60. e8=Q+ Kg7 61. Qe7+ Kg8 62. Qg5+ Kf7 1/2-1/2

[Event "Hessen-ch Seniors op 8th"]
[Site "Bad Sooden"]
[Date "2012.04.20"]
[Round "7"]
[White "Zwanepol, Johan"]
[Black "Roth, Reinhard"]
[Result "1-0"]
[WhiteElo "1942"]
[BlackElo "1902"]
[PlyCount "120"]
[EventDate "2012.04.14"]
[EventType "swiss"]
[EventRounds "9"]
[EventCountry "GER"]
[SourceTitle "OM OTB B 201907"]
[Source "Opening Master"]
[SourceDate "2019.07.06"]
[SourceVersion "2"]
[SourceVersionDate "2019.07.06"]
[SourceQuality "1"]

1. e4 e5 2. Nf3 Nc6 3. c3 Nf6 4. d3 d5 5. exd5 Qxd5 6. Be2 h6 7. O-O Be6 8. Qa4
Bd7 9. Qc2 Bd6 10. Nbd2 O-O-O 11. a3 Bg4 12. b4 e4 13. dxe4 Qh5 14. g3 Ne5 15.
Qd1 g5 16. Nd4 Qh3 17. f3 Bd7 18. Rf2 g4 19. f4 Nf3+ 20. N4xf3 gxf3 21. Bf1 Qh5
22. Qxf3 Bg4 23. Qg2 Rhg8 24. e5 Be7 25. exf6 Bxf6 26. Ne4 Be7 27. Be3 Kb8 28.
Bc5 Bxc5 29. bxc5 Qg6 30. Rb2 Bc8 31. Rab1 b6 32. cxb6 axb6 33. Rb4 Bb7 34. Qe2
Qf5 35. Qe3 Rge8 36. Bg2 Re6 37. Re1 h5 38. Qf2 Rde8 39. Qc2 h4 40. Re3 h3 41.
Bf3 Bxe4 42. Rexe4 Qc5+ 43. Kf1 f5 44. Rxe6 Rxe6 45. Rd4 Re8 46. Qd3 Qe7 47.
Qd2 b5 48. Bc6 Rc8 49. Qd3 Qc5 50. Qxb5+ Qxb5+ 51. Bxb5 c6 52. Bd3 Rf8 53. Rc4
Kc7 54. Rc5 Rd8 55. Bxf5 Rd1+ 56. Kf2 Rh1 57. Bxh3 Rxh2+ 58. Bg2 Rh6 59. Rxc6+
Rxc6 60. Bxc6 Kxc6 1-0

[Event "BI-2012-P-00037"]
[Site "Lechenicher SchachServer"]
[Date "2012.04.20"]
[Round "?"]
[White "Segovia, Didier"]
[Black "Franks, Keith"]
[Result "0-1"]
[WhiteElo "543"]
[BlackElo "2081"]
[PlyCount "28"]
[EventDate "2012.04.22"]

1. e4 e5 2. Nf3 Nc6 3. c3 Nf6 4. d3 d5 5. Bg5 dxe4 6. Bxf6 Qxf6 7. dxe4 g5 8.
Bb5 Bd7 9. O-O O-O-O 10. Nbd2 a6 11. Ba4 h5 12. h3 g4 13. hxg4 hxg4 14. Nh2 Qh4
0-1

[Event "RN-2012-0-00472"]
[Site "Lechenicher SchachServer"]
[Date "2012.04.20"]
[Round "?"]
[White "Newton, Daryl"]
[Black "Torfs, Gert"]
[Result "0-1"]
[WhiteElo "515"]
[BlackElo "845"]
[PlyCount "48"]
[EventDate "2012.04.05"]

1. e4 e5 2. Nf3 Nc6 3. c3 Nf6 4. d4 exd4 5. Nxd4 Nxe4 6. Qf3 Qe7 7. Be2 Nxd4 8.
Qe3 Nc2+ 9. Kf1 Nxe3+ 10. Bxe3 Qf6 11. Nd2 Nxd2+ 12. Bxd2 Bc5 13. Bf3 O-O 14.
Re1 d5 15. Re2 c6 16. h4 Bd7 17. b4 Bb6 18. a4 Rfe8 19. a5 Rxe2 20. Kxe2 Re8+
21. Kd1 Bxf2 22. h5 Qf5 23. Rf1 Qb1+ 24. Bc1 Qd3+ 0-1

[Event "BI-2012-P-00037"]
[Site "Lechenicher SchachServer"]
[Date "2012.04.20"]
[Round "?"]
[White "Segovia, Didier"]
[Black "Taroma Corpus, Roger"]
[Result "0-1"]
[WhiteElo "543"]
[BlackElo "1717"]
[PlyCount "22"]
[EventDate "2012.04.22"]

1. e4 e5 2. Nf3 Nc6 3. c3 Nf6 4. Bb5 Nxe4 5. Bxc6 dxc6 6. Nxe5 Qg5 7. g3 Qxe5
8. O-O Be6 9. d3 O-O-O 10. Qe2 Ng5 11. Qxe5 Nf3+ 0-1

[Event "corr freechess 2012"]
[Site "freechess.de"]
[Date "2012.04.16"]
[Round "?"]
[White "Beneke, Stefan"]
[Black "Zorn, Nico"]
[Result "0-1"]
[WhiteElo "1531"]
[BlackElo "1369"]
[PlyCount "132"]
[EventDate "2012.??.??"]
[EventType "tourn (corr)"]
[SourceTitle "OM Corr 202003"]
[Source "Opening Master"]
[SourceDate "2019.05.30"]
[SourceVersion "2"]
[SourceVersionDate "2019.05.30"]
[SourceQuality "1"]

1. e4 e5 2. Nf3 Nc6 3. c3 Bc5 4. b4 Bb6 5. d3 d6 6. Bb2 Nf6 7. Nbd2 O-O 8. h3
h6 9. a4 a5 10. b5 Ne7 11. c4 c6 12. Be2 Be6 13. bxc6 bxc6 14. O-O Bc5 15. Ba3
Bxa3 16. Rxa3 c5 17. Qc2 Rb8 18. Rb1 Qc7 19. Rab3 Bd7 20. Qa2 Nc6 21. Rxb8 Rxb8
22. Rxb8+ Qxb8 23. Nf1 Nb4 24. Qb3 Qb7 25. Nh4 g6 26. Ne3 Qc6 27. Bd1 Kg7 28.
Nd5 Nfxd5 29. cxd5 Qa6 30. Be2 g5 31. Nf5+ Bxf5 32. exf5 Qc8 33. g4 f6 34. Qc4
Qd7 35. Bd1 Kf7 36. f3 Ke7 37. Kg2 Kd8 38. Kg3 Kc7 39. Qc3 Qf7 40. Qb3 Kb6 41.
Qb1 Qxd5 42. Be2 Qa2 43. Qd1 Qc2 44. Qxc2 Nxc2 45. Kf2 d5 46. Bd1 Na3 47. Bb3
c4 48. dxc4 Nxc4 49. Ke2 Kc5 50. Kd3 Kb4 51. Bc2 Nb2+ 52. Kd2 Nxa4 53. Kc1 Nb6
54. Kb1 a4 55. Bd1 e4 56. fxe4 dxe4 57. Be2 e3 58. Bf3 Kc3 59. Kc1 a3 60. Kb1
Nc4 61. Ka2 Kd3 62. Bd1 e2 63. Bb3 Nd2 64. Bc4+ Kxc4 65. h4 e1=Q 66. Kxa3 Qa1#
0-1

[Event "FRA-ch U16 Girls"]
[Site "Nimes"]
[Date "2012.04.15"]
[Round "2"]
[White "Rigolot, Lucie"]
[Black "Savalle, Mathilde"]
[Result "1-0"]
[WhiteElo "1954"]
[BlackElo "1654"]
[PlyCount "69"]
[EventDate "2012.04.14"]
[EventType "swiss"]
[EventRounds "9"]
[EventCountry "FRA"]
[SourceTitle "CBM 148 Extra"]
[Source "ChessBase"]
[SourceDate "2012.06.22"]
[SourceVersion "1"]
[SourceVersionDate "2012.06.22"]
[SourceQuality "1"]

1. e4 e5 2. Nf3 Nc6 3. c3 Nf6 4. d4 exd4 5. e5 Nd5 6. cxd4 Bb4+ 7. Bd2 Bxd2+ 8.
Qxd2 d6 9. Nc3 Nb6 10. O-O-O O-O 11. Qf4 Qe7 12. Bd3 f5 13. Rhe1 dxe5 14. Nxe5
Nxe5 15. Rxe5 Qf6 16. Kb1 Bd7 17. Bc2 Kh8 18. Rde1 c6 19. Bb3 a5 20. a4 Nc8 21.
Qd2 Nd6 22. f3 Rfe8 23. Nd1 b6 24. Nf2 Rad8 25. g4 Qg6 26. gxf5 Bxf5+ 27. Ka1
Qg2 28. Qe2 Bg6 29. h4 Qh2 30. Rh1 Qf4 31. h5 Bf7 32. Nh3 Qf6 33. Bxf7 Qxf7 34.
Ng5 Qf4 35. Qd3 1-0

[Event "FICS rated standard game"]
[Site "FICS freechess.org"]
[Date "2012.04.14"]
[Round "?"]
[White "TechnoGuyRob"]
[Black "diegodon"]
[Result "0-1"]
[WhiteElo "2001"]
[BlackElo "2008"]
[PlyCount "82"]
[EventDate "2012.??.??"]
[SourceTitle "OM Portal C 201906"]
[Source "Opening Master"]
[SourceDate "2019.06.27"]
[SourceVersion "1"]
[SourceVersionDate "2019.06.27"]
[SourceQuality "1"]

1. e4 e5 2. Nf3 Nc6 3. c3 d5 4. Qa4 Qd6 5. exd5 Qxd5 6. Bc4 Qe4+ 7. Kd1 Qg4 8.
Re1 f6 9. Na3 Qxg2 10. Bd5 Bd7 11. Nb5 Bd6 12. d4 a6 13. dxe5 Nxe5 14. c4 Qxf2
15. Be3 Qxb2 16. Bd4 Bxb5 17. cxb5 Qxb5 18. Qxb5+ axb5 19. Bxe5 Bxe5 20. Nxe5
fxe5 21. Bxb7 Rd8+ 22. Kc2 Nf6 23. Bc6+ Kf7 24. Rxe5 b4 25. Kb3 Rd6 26. Bb5 Rb8
27. Rc5 Kf8 28. Kc4 Rdb6 29. Rf1 c6 30. Bxc6 b3 31. a4 Rb4+ 32. Kc3 b2 33. Rb1
Rb3+ 34. Kc2 R8b4 35. a5 Ng4 36. h4 Ne3+ 37. Kd2 Nc4+ 38. Kc2 Na3+ 39. Kd2
Nxb1+ 40. Kc2 Na3+ 41. Kd2 b1=Q 0-1

[Event "omer786's mini-tournament I[fast tourna"]
[Site "http://gameknot.com/chess.pl?"]
[Date "2012.04.14"]
[Round "?"]
[White "Oregonchessguy"]
[Black "Afrostud"]
[Result "0-1"]
[WhiteElo "2157"]
[BlackElo "2267"]
[PlyCount "62"]
[EventDate "2012.??.??"]
[SourceTitle "OM Portal C 201906"]
[Source "Opening Master"]
[SourceDate "2019.06.27"]
[SourceVersion "1"]
[SourceVersionDate "2019.06.27"]
[SourceQuality "1"]

1. e4 e5 2. Nf3 Nc6 3. c3 Be7 4. d4 d6 5. Bb5 Bd7 6. dxe5 Nxe5 7. Nxe5 dxe5 8.
Qb3 Nf6 9. Bxd7+ Qxd7 10. Qxb7 O-O 11. Nd2 a5 12. Qb3 a4 13. Qc4 Ra5 14. Qe2
Rc5 15. Nc4 Qc6 16. Nd2 a3 17. c4 Ra5 18. O-O axb2 19. Bxb2 Nd7 20. Rfd1 Ra4
21. Qg4 Rfa8 22. a3 f6 23. Nf1 Nc5 24. Ng3 g6 25. Rac1 Rb8 26. Rc2 Kf7 27. h4
Ne6 28. h5 Rxc4 29. hxg6+ hxg6 30. Rcd2 Rc2 31. Rxc2 Qxc2 0-1

[Event "Sachsen-ch U12 Girls"]
[Site "Sebnitz"]
[Date "2012.04.13"]
[Round "5"]
[White "Belusa, Laura Sophie"]
[Black "Boehle, Rebecca"]
[Result "0-1"]
[WhiteElo "966"]
[BlackElo "1095"]
[PlyCount "80"]
[EventDate "2012.04.10"]
[EventType "swiss"]
[EventRounds "7"]
[EventCountry "GER"]
[SourceTitle "CBM 148 Extra"]
[Source "ChessBase"]
[SourceDate "2012.06.22"]
[SourceVersion "1"]
[SourceVersionDate "2012.06.22"]
[SourceQuality "1"]

1. e4 e5 2. Nf3 Nc6 3. c3 Nf6 4. Bd3 d5 5. exd5 Nxd5 6. Bc2 Bc5 7. d4 exd4 8.
cxd4 Bb4+ 9. Bd2 Qe7+ 10. Kf1 O-O 11. a3 Ba5 12. Ng5 Nxd4 13. Bxh7+ Kh8 14. Qh5
Nf6 15. Qd1 Nxh7 16. Nxh7 Kxh7 17. Bxa5 Rd8 18. Bb4 Qe5 19. Nd2 Qb5+ 20. Kg1
Ne2+ 21. Qxe2 Qxe2 22. h3 Bf5 23. Kh2 Qxf2 24. Raf1 Qe2 25. Rxf5 Rxd2 26. Bxd2
Qxd2 27. Rxf7 Qxb2 28. Rd7 Qxa3 29. Rhd1 Rc8 30. R1d4 c5 31. Rh4+ Kg8 32. Rxb7
c4 33. Rg4 Qd6+ 34. Kh1 Qe5 35. Rxa7 c3 36. Ra1 c2 37. Rc1 Rd8 38. g3 Rd1+ 39.
Rxd1 cxd1=R+ 40. Kg2 Qe2# 0-1

[Event "Sachsen-ch U12 Girls"]
[Site "Sebnitz"]
[Date "2012.04.12"]
[Round "4"]
[White "Belusa, Laura Sophie"]
[Black "Kahle, Leonie"]
[Result "1/2-1/2"]
[WhiteElo "966"]
[BlackElo "991"]
[PlyCount "70"]
[EventDate "2012.04.10"]
[EventType "swiss"]
[EventRounds "7"]
[EventCountry "GER"]
[SourceTitle "CBM 148 Extra"]
[Source "ChessBase"]
[SourceDate "2012.06.22"]
[SourceVersion "1"]
[SourceVersionDate "2012.06.22"]
[SourceQuality "1"]

1. e4 e5 2. Nf3 Nc6 3. c3 Nf6 4. Qe2 Bc5 5. g3 d6 6. Bg2 Bg4 7. O-O Qd7 8. d3
h6 9. Be3 O-O 10. Qd2 Bxf3 11. Bxf3 Rad8 12. d4 exd4 13. cxd4 Bb6 14. Nc3 Rfe8
15. Bg2 Ba5 16. f3 Bxc3 17. bxc3 Na5 18. Qd3 Qc6 19. Rfc1 Nc4 20. Rab1 Nxe3 21.
Qxe3 b6 22. c4 a5 23. a3 Qb7 24. Kf1 Qa6 25. Kg1 Nd7 26. Bf1 Qb7 27. Bg2 Rb8
28. Qd2 Qa7 29. a4 f6 30. Qa2 Kh8 31. Qe2 c6 32. Qd3 c5 33. d5 Ne5 34. Qc3 Qd7
35. Qc2 Qc7 1/2-1/2

[Event "BEL-ch U18/20"]
[Site "Bruges"]
[Date "2012.04.11"]
[Round "6"]
[White "Van Kerrebroeck, Reinout"]
[Black "Cuyt, Sven"]
[Result "0-1"]
[WhiteElo "1424"]
[BlackElo "1555"]
[PlyCount "98"]
[EventDate "2012.04.08"]
[EventType "swiss"]
[EventRounds "9"]
[EventCountry "BEL"]
[SourceTitle "CBM 147 Extra"]
[Source "ChessBase"]
[SourceDate "2012.04.24"]
[SourceVersion "1"]
[SourceVersionDate "2012.04.24"]
[SourceQuality "1"]

1. e4 e5 2. Nf3 Nc6 3. c3 Nf6 4. d4 exd4 5. e5 Nd5 6. cxd4 Bb4+ 7. Bd2 Bxd2+ 8.
Nbxd2 O-O 9. Bc4 Nb6 10. Bb3 d6 11. O-O Bg4 12. h3 Bh5 13. Ne4 dxe5 14. dxe5
Qxd1 15. Bxd1 Bxf3 16. Bxf3 Nxe5 17. Nd2 Nxf3+ 18. Nxf3 Rfe8 19. Rfe1 c6 20.
Nd4 Kf8 21. Rac1 Nd5 22. a3 Nf4 23. Rxe8+ Rxe8 24. Rd1 Rd8 25. Rd2 c5 26. Nb3
Rxd2 27. Nxd2 Ke7 28. Ne4 b6 29. Kf1 f6 30. g3 Nxh3 31. f4 g5 32. Kg2 g4 33.
Nc3 Ke6 34. Nb5 a5 35. Nc3 f5 36. b3 Kd6 37. a4 h5 38. Kf1 h4 39. gxh4 Nxf4 40.
Kf2 Ke5 41. Kg3 Nh5+ 42. Kf2 Kd4 43. Ne2+ Kd3 44. Ng3 Ng7 45. h5 Nxh5 46. Nxh5
Kc3 47. Ng3 Kxb3 48. Nxf5 Kxa4 49. Ne3 Kb3 0-1

[Event "Dublin Easter e2e4 op"]
[Site "Dublin"]
[Date "2012.04.09"]
[Round "9"]
[White "Csonka, Attila Istvan"]
[Black "Bae, Torstein"]
[Result "1/2-1/2"]
[WhiteElo "2384"]
[BlackElo "2413"]
[PlyCount "28"]
[EventDate "2012.04.05"]
[EventType "swiss"]
[EventRounds "9"]
[EventCountry "IRL"]
[SourceTitle "CBM 147 Extra"]
[Source "ChessBase"]
[SourceDate "2012.04.24"]
[SourceVersion "1"]
[SourceVersionDate "2012.04.24"]
[SourceQuality "1"]

1. e4 e5 2. Nf3 Nc6 3. c3 d5 4. Bb5 dxe4 5. Nxe5 Qd5 6. Qa4 Nge7 7. f4 exf3 8.
Nxf3 Bd7 9. d4 a6 10. Be2 O-O-O 11. Qb3 f6 12. O-O Bf5 13. Nbd2 Qd7 14. Nc4 Nd5
1/2-1/2

[Event "NED-ch U11"]
[Site "Waalwijk"]
[Date "2012.04.07"]
[Round "8"]
[White "De Boer, Eelke"]
[Black "Van Eek, Jeffrey"]
[Result "1/2-1/2"]
[WhiteElo "1038"]
[BlackElo "1046"]
[PlyCount "50"]
[EventDate "2012.04.06"]
[EventType "swiss"]
[EventRounds "9"]
[EventCountry "NED"]
[SourceTitle "EXT 2013"]
[Source "ChessBase"]
[SourceDate "2012.11.22"]
[SourceVersion "1"]
[SourceVersionDate "2012.11.22"]
[SourceQuality "1"]

1. e4 e5 2. Nf3 Nc6 3. c3 Bc5 4. d4 exd4 5. cxd4 Bb4+ 6. Nc3 Bxc3+ 7. bxc3 d6
8. Bb5 Bg4 9. d5 Qd7 10. dxc6 bxc6 11. Bc4 Nf6 12. O-O O-O 13. h3 Bh5 14. Bg5
Nxe4 15. Bf4 Nxc3 16. Qd3 Na4 17. Ne5 Qe8 18. Nxc6 Nc5 19. Qd5 Bg6 20. Rfe1 Be4
21. Rxe4 Qxe4 22. Qxe4 Nxe4 23. Ne7+ Kh8 24. Re1 Nf6 25. Re3 Rab8 1/2-1/2

[Event "Niedersachsen-ch U10"]
[Site "Rotenburg"]
[Date "2012.04.04"]
[Round "9"]
[White "Moenster, Madita"]
[Black "Raymann, Lukas"]
[Result "1-0"]
[WhiteElo "950"]
[BlackElo "776"]
[PlyCount "57"]
[EventDate "2012.03.31"]
[EventType "swiss"]
[EventRounds "11"]
[EventCountry "GER"]
[SourceTitle "EXT 2015"]
[Source "ChessBase"]
[SourceDate "2014.11.20"]
[SourceVersion "1"]
[SourceVersionDate "2014.11.20"]
[SourceQuality "1"]

1. e4 e5 2. Nf3 Nc6 3. c3 d5 4. Qa4 Nf6 5. Nxe5 Bd6 6. d4 Bxe5 7. dxe5 Nxe4 8.
f3 Nc5 9. Qf4 O-O 10. Be2 Re8 11. O-O Rxe5 12. Be3 Bf5 13. Bxc5 b6 14. Bb5 Qd7
15. Bd4 Re7 16. Bxc6 Qxc6 17. Qxf5 g6 18. Qg5 Rae8 19. Nd2 Re2 20. h3 Qb5 21.
Bf6 R8e6 22. Nb3 c5 23. Qh4 d4 24. cxd4 Rxb2 25. Rfe1 Rxa2 26. Rxa2 Qxb3 27.
Rxa7 Rxf6 28. Qxf6 c4 29. Re8# 1-0

[Event "Budapest Spring op 28th"]
[Site "Budapest"]
[Date "2012.04.03"]
[Round "9"]
[White "Csapo, Zoltan"]
[Black "Halak, Miklos"]
[Result "0-1"]
[WhiteElo "2113"]
[BlackElo "2026"]
[PlyCount "53"]
[EventDate "2012.03.26"]
[EventType "swiss"]
[EventRounds "9"]
[EventCountry "HUN"]
[SourceTitle "CBM 147 Extra"]
[Source "ChessBase"]
[SourceDate "2012.04.24"]
[SourceVersion "1"]
[SourceVersionDate "2012.04.24"]
[SourceQuality "1"]

1. e4 e5 2. Nf3 Nc6 3. c3 d6 4. d4 Be7 5. Bb5 Bd7 6. O-O Nf6 7. Qc2 O-O 8. Rd1
a6 9. Bxc6 Bxc6 10. dxe5 Nxe4 11. Nd4 d5 12. Nxc6 bxc6 13. f3 Nc5 14. Be3 Qc8
15. Qf2 Nd7 16. f4 Rb8 17. c4 Nb6 18. c5 Nc4 19. Bd4 f6 20. Qe2 fxe5 21. fxe5
Rf4 22. Kh1 Re4 23. Qf2 Qg4 24. Qg1 Nxb2 25. h3 Qh4 26. Rd2 Nc4 27. g3 0-1